000 00548nam a2200229Ia 4500
003 OSt
005 20220916110929.0
006 a|||||r|||| 00| 0
007 ta
008 220915b |||||||| |||| 00| 0 eng d
024 _a8724
037 _cTextbook
040 _beng
_aARTS
_cARTS
041 _aeng
082 _a8671:N5, K2 (RR)
110 _aUnited Arab Republic Information
245 0 _aYearbook 1962
260 _c1962
650 _aYEARBOOKS
942 _h8671:N5, K2 (RR)
_cTB
_2CC
999 _c101638
_d101638